Cuốn theo chiều gió

Uloženo v:
Podrobná bibliografie
Hlavní autor: Mitchell,Margaret
Další autoři: Vũ Kim Thư (Dịch)
Médium: Kniha
Vydáno: Hà Nội Văn học 2012
Témata:
Tagy: Přidat tag
Žádné tagy, Buďte první, kdo otaguje tento záznam!
Thư viện lưu trữ: Trung tâm Học liệu Lê Vũ Hùng, Trường Đại học Đồng Tháp
LEADER 00841aam a22003018a 4500
001 00035682
005 20171026081025.0
008 161221s2012 ||||||Viesd
020 # # |c 158000 
041 0 # |a Vie 
082 1 4 |a 813  |b C517TH 
100 1 # |a Mitchell,Margaret 
245 1 0 |a Cuốn theo chiều gió  |c Margaret Mitchell; Dịch:Vũ Kim Thư 
260 # # |a Hà Nội  |b Văn học  |c 2012 
300 # # |a 842tr.  |c 24 cm.  |b Minh họa 
653 # # |a Tiểu thuyết 
653 # # |a Văn học hiện đại 
653 # # |a Văn học Mỹ 
700 1 # |a Vũ Kim Thư  |e Dịch 
852 # # |j KM.0018206 
852 # # |b Kho mượn  |j KM.0018206 
910 |d 21/12/2016 
980 # # |a Trung tâm Học liệu Lê Vũ Hùng, Trường Đại học Đồng Tháp